Đỗ Hữu Châu tuyển tập T.2 Đại cương - ngữ dụng học - ngữ pháp văn bản
v.v...
Đã lưu trong:
| Tác giả chính: | |
|---|---|
| Định dạng: | Sách |
| Năm xuất bản: |
H.
Giáo dục
2005
|
| Chủ đề: | |
| Tags: |
Thêm thẻ
Không có thẻ, Hãy là người đầu tiên gắn thẻ bản ghi này!
|
| LEADER | 00663nam a2200181 4500 | ||
|---|---|---|---|
| 082 | |a 495.9228 |b Đ450H | ||
| 100 | |a Đỗ Hữu Châu | ||
| 245 | |a Đỗ Hữu Châu tuyển tập |c Đỗ Hữu Châu |n T.2 |p Đại cương - ngữ dụng học - ngữ pháp văn bản | ||
| 260 | |a H. |b Giáo dục |c 2005 | ||
| 300 | |a 928 tr. |c 24 cm | ||
| 520 | |a v.v... | ||
| 653 | |a Ngôn ngữ | ||
| 653 | |a Ngữ dụng học | ||
| 653 | |a Ngữ pháp | ||
| 653 | |a Văn bản | ||
| 942 | |2 ddc |c SH | ||
| 999 | |c 6636 |d 6636 | ||
| 952 | |0 0 |1 0 |2 ddc |4 0 |6 495_922800000000000_Đ450H |7 0 |8 400 |9 62168 |a qbu |b qbu |c D2 |d 2015-01-21 |g 148800 |l 1 |o 495.9228 Đ450H |p 3788.c1 |r 2020-08-05 |s 2020-07-29 |w 2015-01-21 |y SH | ||